Entre carne y palabra: la sexualidad juvenil y el riesgo de infección con VIH SIDA /
En la especificidad de los grupos es donde se encuentran las "pistas" para aproximarse a ese "intermedio oscuro" entre el discurso socializado y la practica cotidiana, intima y "prohibida" de la sexualidad. La sexualidad de los(as) jóvenes es un proceso y un fenómeno qu...
Guardado en:
| Hovedforfatter: | |
|---|---|
| Format: | Texto |
| Fag: | |
| Tags: |
Tilføj Tag
Ingen Tags, Vær først til at tagge denne postø!
|
MARC
| LEADER | 00000 a a2200000 04500 | ||
|---|---|---|---|
| 001 | 4301 | ||
| 003 | |||
| 040 | |||
| 100 | |a Solano Acuña, Ana Sofía | ||
| 245 | |a Entre carne y palabra: la sexualidad juvenil y el riesgo de infección con VIH SIDA / |c Ana Sofía Solano Acuña | ||
| 520 | |a En la especificidad de los grupos es donde se encuentran las "pistas" para aproximarse a ese "intermedio oscuro" entre el discurso socializado y la practica cotidiana, intima y "prohibida" de la sexualidad. La sexualidad de los(as) jóvenes es un proceso y un fenómeno que se encuentra perneado por cultura, la cual la hace nociva y peligrosa | ||
| 650 | |a SEXUALIDAD | ||
| 650 | |a JUVENTUD | ||
| 650 | |a SIDA | ||
| 650 | |a CULTURA | ||
| 650 | |a COSTA RICA | ||
| 773 | |g número 16; páginas 81-90 | ||
| 999 | |c 27931 |d 27931 | ||
